Antología de Spoon River
Zapisane w:
| 1. autor: | |
|---|---|
| Format: | Książka |
| Język: | hiszpański |
| Wydane: |
Buenos Aires
Ediciones Librerías Fausto
1979
|
| Wydanie: | 1a. ed |
| Hasła przedmiotowe: | |
| Etykiety: |
Dodaj etykietę
Nie ma etykietki, Dołącz pierwszą etykiete!
|
MARC
| LEADER | 00000cam a2200000 a 4500 | ||
|---|---|---|---|
| 001 | UCE8723 | ||
| 003 | CL-VaPUC | ||
| 008 | 150827e19790000ag |||||||||||||||||spa|d | ||
| 082 | 0 | 4 | |a 811 |b MAS |2 21 |
| 100 | |a Masters, Edgar Lee |e autor |9 581438 | ||
| 245 | 1 | 0 | |a Antología de Spoon River |
| 250 | |a 1a. ed | ||
| 300 | |a 179 p | ||
| 942 | |c BK | ||
| 945 | |d 20150827 16:13:00 |a gsalatino | ||
| 260 | |a Buenos Aires |b Ediciones Librerías Fausto |c 1979 | ||
| 650 | 7 | |a POESIAS ESTADOUNIDENSES |2 CL-VaPUC |9 581439 | |
| 583 | |a last modification |c 20150828 12:11:20 |k Rodrigo Vera | ||
| 999 | |c 360502 |d 360500 | ||
| 952 | |0 0 |1 0 |3 erb |4 0 |6 811_000000000000000_MAS_1979 |7 0 |8 A |9 470338 |a BIBEDU |b BIBEDU |e Valenzuela Fuenzalida, Alvaro Miguel, 1932- |i 5203252 |o 811 MAS 1979 |p 5203252 |r 2019-11-23 |w 2019-11-23 |y BK |z Catalogado en:20150827 |k LIT | ||